000 00841nam a22002537a 4500
005 20100812140349.0
010 _aENG-99840
020 _a9789380406152
_c60.00
035 _aEN-83372
037 _bDBAD/PUB
082 _a004.165
100 _aMahalakshmi, M.
_915417
245 _a8051 microcontroller and its applications /
_cby M.Mahalakshmi
260 _aErode
_bPallavi Publications
_c2009
270 _bErode
_a194,Kanna Complex,Mettur Road
_e11
300 _a97p.:
_bill.
_c20cm (pbk)
650 _aMicro Computer
_915418
650 _aDigital Control System
_915419
700 _910603
700 _911537
700 _910604
942 _2ddc
_cEN
_h004.165
_mMAH
999 _c41355
_d41355